<?xml version="1.0" encoding="UTF-8"?>
<record
    xmlns:xsi="http://www.w3.org/2001/XMLSchema-instance"
    xsi:schemaLocation="http://www.loc.gov/MARC21/slim http://www.loc.gov/standards/marcxml/schema/MARC21slim.xsd"
    xmlns="http://www.loc.gov/MARC21/slim">

  <leader>02091nam0a2200433 i 4500</leader>
  <controlfield tag="001">RU\NLR\bibl\1998403</controlfield>
  <controlfield tag="005">20260406051616.0</controlfield>
  <datafield tag="010" ind1=" " ind2=" ">
    <subfield code="a">9785271422973</subfield>
    <subfield code="9">2000</subfield>
  </datafield>
  <datafield tag="021" ind1=" " ind2=" ">
    <subfield code="a">RU</subfield>
    <subfield code="b">2012-98192</subfield>
    <subfield code="9">7259</subfield>
  </datafield>
  <datafield tag="035" ind1=" " ind2=" ">
    <subfield code="a">(NLR Aleph) 001986757</subfield>
  </datafield>
  <datafield tag="090" ind1=" " ind2=" ">
    <subfield code="a">4167808</subfield>
    <subfield code="c">4167808</subfield>
  </datafield>
  <datafield tag="100" ind1=" " ind2=" ">
    <subfield code="a">20130208d2012    u  y0rusy50      ca</subfield>
  </datafield>
  <datafield tag="101" ind1="0" ind2=" ">
    <subfield code="a">rus</subfield>
    <subfield code="a">eng</subfield>
  </datafield>
  <datafield tag="102" ind1=" " ind2=" ">
    <subfield code="a">RU</subfield>
  </datafield>
  <datafield tag="105" ind1=" " ind2=" ">
    <subfield code="a">a   |||||||||</subfield>
  </datafield>
  <datafield tag="200" ind1="1" ind2=" ">
    <subfield code="a">&#x410;&#x43D;&#x433;&#x43B;&#x438;&#x439;&#x441;&#x43A;&#x438;&#x435; &#x430;&#x444;&#x43E;&#x440;&#x438;&#x437;&#x43C;&#x44B; &#x438; &#x43F;&#x43E;&#x441;&#x43B;&#x43E;&#x432;&#x438;&#x446;&#x44B;</subfield>
    <subfield code="e">&#x43F;&#x430;&#x440;&#x430;&#x43B;&#x43B;&#x435;&#x43B;&#x44C;&#x43D;&#x44B;&#x435; &#x442;&#x435;&#x43A;&#x441;&#x442;&#x44B; &#x43D;&#x430; &#x430;&#x43D;&#x433;&#x43B;&#x438;&#x439;&#x441;&#x43A;&#x43E;&#x43C; &#x438; &#x440;&#x443;&#x441;&#x441;&#x43A;&#x43E;&#x43C; &#x44F;&#x437;&#x44B;&#x43A;&#x430;&#x445;</subfield>
    <subfield code="e">[&#x441;&#x431;&#x43E;&#x440;&#x43D;&#x438;&#x43A;]</subfield>
    <subfield code="f">&#x441;&#x43E;&#x441;&#x442;.: &#x413;.&#x410;. &#x41A;&#x43E;&#x442;&#x438;&#x439;, &#x421;.&#x412;. &#x422;&#x44E;&#x43B;&#x435;&#x43D;&#x435;&#x432;</subfield>
    <subfield code="g">&#x43F;&#x43E;&#x434; &#x440;&#x435;&#x434;. &#x410;.&#x421;. &#x414;&#x440;&#x43E;&#x431;&#x430;&#x448;&#x435;&#x43D;&#x43A;&#x43E;</subfield>
  </datafield>
  <datafield tag="210" ind1=" " ind2=" ">
    <subfield code="a">&#x41C;&#x43E;&#x441;&#x43A;&#x432;&#x430;</subfield>
    <subfield code="c">&#x410;&#x441;&#x442;&#x440;&#x435;&#x43B;&#x44C;</subfield>
    <subfield code="d">2012</subfield>
  </datafield>
  <datafield tag="215" ind1=" " ind2=" ">
    <subfield code="a">191 &#x441;.</subfield>
    <subfield code="c">&#x438;&#x43B;.</subfield>
    <subfield code="d">21</subfield>
  </datafield>
  <datafield tag="225" ind1="1" ind2=" ">
    <subfield code="a">&#x423;&#x432;&#x43B;&#x435;&#x43A;&#x430;&#x442;&#x435;&#x43B;&#x44C;&#x43D;&#x43E;&#x435; &#x447;&#x442;&#x435;&#x43D;&#x438;&#x435; &#x43D;&#x430; &#x43A;&#x430;&#x436;&#x434;&#x44B;&#x439; &#x434;&#x435;&#x43D;&#x44C;</subfield>
  </datafield>
  <datafield tag="606" ind1="1" ind2=" ">
    <subfield code="a">&#x41F;&#x43E;&#x441;&#x43B;&#x43E;&#x432;&#x438;&#x446;&#x44B; &#x438; &#x43F;&#x43E;&#x433;&#x43E;&#x432;&#x43E;&#x440;&#x43A;&#x438; &#x440;&#x443;&#x441;&#x441;&#x43A;&#x438;&#x435;</subfield>
    <subfield code="x">&#x421;&#x440;&#x430;&#x432;&#x43D;&#x438;&#x442;&#x435;&#x43B;&#x44C;&#x43D;&#x43E;&#x435; &#x438;&#x437;&#x443;&#x447;&#x435;&#x43D;&#x438;&#x435;</subfield>
    <subfield code="9">1975656</subfield>
    <subfield code="3">RU\NLR\auth\66905739</subfield>
  </datafield>
  <datafield tag="606" ind1="1" ind2=" ">
    <subfield code="a">&#x41F;&#x43E;&#x441;&#x43B;&#x43E;&#x432;&#x438;&#x446;&#x44B; &#x438; &#x43F;&#x43E;&#x433;&#x43E;&#x432;&#x43E;&#x440;&#x43A;&#x438; &#x430;&#x43D;&#x433;&#x43B;&#x438;&#x439;&#x441;&#x43A;&#x438;&#x435;</subfield>
    <subfield code="x">&#x421;&#x440;&#x430;&#x432;&#x43D;&#x438;&#x442;&#x435;&#x43B;&#x44C;&#x43D;&#x43E;&#x435; &#x438;&#x437;&#x443;&#x447;&#x435;&#x43D;&#x438;&#x435;</subfield>
    <subfield code="9">1973827</subfield>
    <subfield code="3">RU\NLR\auth\66904746</subfield>
  </datafield>
  <datafield tag="606" ind1="1" ind2=" ">
    <subfield code="a">&#x410;&#x43D;&#x433;&#x43B;&#x438;&#x439;&#x441;&#x43A;&#x438;&#x439; &#x44F;&#x437;&#x44B;&#x43A;</subfield>
    <subfield code="x">&#x424;&#x440;&#x430;&#x437;&#x435;&#x43E;&#x43B;&#x43E;&#x433;&#x438;&#x447;&#x435;&#x441;&#x43A;&#x438;&#x435; &#x441;&#x43B;&#x43E;&#x432;&#x430;&#x440;&#x438;</subfield>
    <subfield code="x">&#x420;&#x443;&#x441;&#x441;&#x43A;&#x438;&#x439; &#x44F;&#x437;&#x44B;&#x43A;</subfield>
    <subfield code="9">972510</subfield>
    <subfield code="3">RU\NLR\auth\6646133</subfield>
  </datafield>
  <datafield tag="606" ind1="1" ind2=" ">
    <subfield code="a">&#x420;&#x443;&#x441;&#x441;&#x43A;&#x438;&#x439; &#x44F;&#x437;&#x44B;&#x43A;</subfield>
    <subfield code="x">&#x424;&#x440;&#x430;&#x437;&#x435;&#x43E;&#x43B;&#x43E;&#x433;&#x438;&#x447;&#x435;&#x441;&#x43A;&#x438;&#x435; &#x441;&#x43B;&#x43E;&#x432;&#x430;&#x440;&#x438;</subfield>
    <subfield code="x">&#x410;&#x43D;&#x433;&#x43B;&#x438;&#x439;&#x441;&#x43A;&#x438;&#x439; &#x44F;&#x437;&#x44B;&#x43A;</subfield>
    <subfield code="9">1709442</subfield>
    <subfield code="3">RU\NLR\auth\661059395</subfield>
  </datafield>
  <datafield tag="606" ind1="1" ind2=" ">
    <subfield code="a">&#x410;&#x444;&#x43E;&#x440;&#x438;&#x437;&#x43C;&#x44B;</subfield>
    <subfield code="y">&#x412;&#x435;&#x43B;&#x438;&#x43A;&#x43E;&#x431;&#x440;&#x438;&#x442;&#x430;&#x43D;&#x438;&#x44F;</subfield>
    <subfield code="9">2123525</subfield>
    <subfield code="3">RU\NLR\auth\661281999</subfield>
  </datafield>
  <datafield tag="686" ind1=" " ind2=" ">
    <subfield code="a">&#x428;3(2=1&#x420;)-651.0</subfield>
  </datafield>
  <datafield tag="686" ind1=" " ind2=" ">
    <subfield code="a">&#x428;6(4&#x412;&#x43B;)07-6&#x44F;43{&#x41B;&#x445;1290-25}</subfield>
  </datafield>
  <datafield tag="686" ind1=" " ind2=" ">
    <subfield code="a">&#x428;3(41&#x412;&#x43B;)-651</subfield>
  </datafield>
  <datafield tag="686" ind1=" " ind2=" ">
    <subfield code="a">&#x428;143.21-491&#x444;&#x440;&#x430;&#x437;</subfield>
  </datafield>
  <datafield tag="686" ind1=" " ind2=" ">
    <subfield code="a">&#x428;141.12-491&#x444;&#x440;&#x430;&#x437;</subfield>
  </datafield>
  <datafield tag="686" ind1=" " ind2=" ">
    <subfield code="a">&#x42F;438(4&#x412;&#x43B;)</subfield>
  </datafield>
  <datafield tag="702" ind1=" " ind2="1">
    <subfield code="a">&#x414;&#x440;&#x43E;&#x431;&#x430;&#x448;&#x435;&#x43D;&#x43A;&#x43E;</subfield>
    <subfield code="b">&#x410;. &#x421;.</subfield>
    <subfield code="4">340</subfield>
  </datafield>
  <datafield tag="702" ind1=" " ind2="1">
    <subfield code="4">220</subfield>
    <subfield code="8">rus</subfield>
    <subfield code="7">ca</subfield>
    <subfield code="a">&#x41A;&#x43E;&#x442;&#x438;&#x439;</subfield>
    <subfield code="b">&#x413;. &#x410;.</subfield>
    <subfield code="g">&#x413;&#x430;&#x43B;&#x438;&#x43D;&#x430; &#x410;&#x43A;&#x438;&#x43C;&#x43E;&#x432;&#x43D;&#x430;</subfield>
    <subfield code="3">RU\NLR\auth\776838</subfield>
    <subfield code="9">116785</subfield>
  </datafield>
  <datafield tag="801" ind1=" " ind2="0">
    <subfield code="a">RU</subfield>
    <subfield code="b">NLR</subfield>
    <subfield code="c">20130208</subfield>
    <subfield code="g">RCR</subfield>
  </datafield>
  <datafield tag="801" ind1=" " ind2="1">
    <subfield code="a">RU</subfield>
    <subfield code="b">NLR</subfield>
    <subfield code="c">20130208</subfield>
  </datafield>
  <datafield tag="830" ind1=" " ind2=" ">
    <subfield code="a">&#x441;&#x43E;&#x441;&#x442;. &#x43F;&#x43E; &#x43A;&#x43D;.</subfield>
  </datafield>
  <datafield tag="942" ind1=" " ind2=" ">
    <subfield code="c">BOOK</subfield>
  </datafield>
  <datafield tag="980" ind1=" " ind2=" ">
    <subfield code="a">NBR</subfield>
  </datafield>
</record>
